000 00605nam a2200217 a 4500
001 83500
003 BD-RjUL
005 20240327123519.0
008 240327s1956 enk 000 0 eng
035 _a(BD-RjUL)83500
040 _aDLC
_cOKentU
_dOCoLC
_dPP
_dDLC
_dBD-RjUL
_beng
041 _aeng
082 _223
_a823
_bSAC 1956
100 1 _aSansom, William,
_d1912-1976.
_912576
245 1 2 _aA contest of ladies /
_cWilliam Sansom
260 _aLondon :
_bHograth press,
_c1956.
300 _a255 p.;
_c19 cm.
500 _aShort stories.
650 _aEnglish Short stories.
_95547
942 _2ddc
_cBK
999 _c83500
_d83500